| 000 | 00424nam a2200133Ia 4500 | ||
|---|---|---|---|
| 008 | 160809s9999 xx 000 0 und d | ||
| 100 | _aKanchi, Saroja. | ||
| 245 | _aSmart as a Cryptographic Processor | ||
| 245 | _cSaroja Kanchi, Nozar Tabrizi and Cody Hayden. | ||
| 260 | _bComputer Science and Information Technology | ||
| 260 | _cMayo-16 | ||
| 650 | _xINFORMATION TECHNOLOGY | ||
| 856 | _uhttp://airccse.org/V6N53.html | ||
| 999 |
_c300113 _d300113 |
||